|
|
|
|
| LEADER |
00000nam a2200000 a 4500 |
| 001 |
vtls001102060 |
| 003 |
SK-MaSNL |
| 005 |
20260413122121.0 |
| 008 |
250414s1981 xo 0 slo |
| 015 |
|
|
|a SNBA1981/06
|
| 035 |
|
|
|a SNK000044902
|
| 040 |
|
|
|a SNK
|b slo
|c SNK
|e AACR2
|
| 041 |
0 |
|
|a slo
|
| 044 |
|
|
|a xo
|c SK
|
| 080 |
|
|
|a 894.511-94
|2 1981
|
| 100 |
1 |
|
|a Vekerdi, László
|4 aut
|9 353083
|
| 245 |
1 |
0 |
|a Isaac Newton
|c László Vekerdi ; Viktor Thieben, Isaac Newton
|
| 250 |
|
|
|a 1. vyd.
|
| 260 |
|
|
|a Bratislava
|b Smena
|c 1981
|e Martin
|f Tlačiarne SNP
|
| 300 |
|
|
|a 167 s., 11,32 AH
|b Sch.
|c 21 cm
|
| 366 |
|
|
|e 4000 výtl.
|
| 490 |
0 |
|
|a Sputnik
|
| 500 |
|
|
|a Ilustr. na predsádkach, front. a tit. liste.
|
| 700 |
1 |
|
|a Thieben, Viktor
|4 trl
|9 309341
|
| 700 |
1 |
|
|a Newton, Isaac,
|d 1642-1727
|4 oth
|9 230104
|
| 852 |
|
|
|a Slovenská národná knižnica
|
| 954 |
|
|
|a prózy biografické
|a literatúra faktu
|
| 958 |
|
|
|a OND
|
| 958 |
|
|
|a LX
|
| 958 |
|
|
|a TL
|
| 958 |
|
|
|a UP
|
| 999 |
|
|
|c 793045
|d 794975
|
| 952 |
|
|
|a SNK
|b SNK
|y VYP
|7 0
|p 17A0060536
|o snkSC 52476 D1
|i snkKSP 4151/81
|0 0
|1 0
|4 0
|d 1997-04-11
|l 0
|r 2004-12-31 00:00:00
|w 2026-02-24
|
| 952 |
|
|
|a SNK
|b SNK
|y PREZ
|7 0
|p 17A0863948
|o snkSC 52476
|i snkKSP 4150/81
|0 0
|1 0
|4 0
|d 2012-08-01
|l 0
|r 2026-02-24 01:44:05
|w 2026-02-24
|
| 952 |
|
|
|a SNKLM
|b SNKLM
|y NEVYP
|7 0
|o snklmKK 447
|i snklm350/2001
|8 7
|0 0
|1 0
|4 0
|d 2006-04-07
|l 0
|r 2026-02-24 01:44:05
|w 2026-02-24
|